Essen aus verschiedenen Ländern - Statistiken

Allgemein
  • Dieses Quiz wurde 2.033 mal gespielt
  • Das Durchschnittsergebnis liegt bei 11 aus 28
Antwortstatistiken
Bildquiz Hint Antwort % Korrekt
Frankreich Flammkuchen
92%
Österreich Wiener Schnitzel
84%
Deutschland Maultaschen
76%
Österreich Kaiserschmarrn
75%
Spanien Churros
74%
Schweden Köttbullar
65%
Spanien Paella
64%
Frankreich Ratatouille
51%
Griechenland Gefüllte Weinblätter
50%
Israel Falafel
48%
Frankreich Zwiebelsuppe
48%
Ungarn Langos
47%
Graz Kürbissuppe
41%
Vietnam Pho
36%
Schottland Haggis
33%
Hawaii Poke Bowl
32%
Amerika Caesar Salad
31%
Russland Pelmeni
29%
Kanada Poutine
28%
Griechenland Moussaka
25%
Brasilien Acai Bowl
24%
Thailand Sticky Rice
16%
Brasilien Empanadas
14%
Indonesien Nasi Goreng
13%
England Shepherd's Pie
13%
Niederlande Bitterballen
12%
Portugal Pastel de Nata
11%
Nordafrika Tajine
8%
Keine übereinstimmenden Quizze gefunden
Verteilung der Resultate
Anzahl Personen mit jedem Resultat
Perzentil nach korrekt beantworteten Fragen
Ihre Resultats-Entwicklung
Sie haben dieses Quiz noch nicht gespielt